ბათუმის შოთა რუსთაველის სახელმწიფო უნივერსიტეტის ბიბლიოთეკა

თხზულებანი : 8 ტომად. ტ. 5 (ბიბ.ჩანაწერი № 49105)

000 -LEADER
fixed length control field 01391nam a2200229Ia 4500
001 - CONTROL NUMBER
control field 16012
003 - CONTROL NUMBER IDENTIFIER
control field GE_BSU
008 - FIXED-LENGTH DATA ELEMENTS--GENERAL INFORMATION
fixed length control field 181216s||||||||xx |||||||||||||| ||und||
040 ## - CATALOGING SOURCE
Transcribing agency GE_BSU
080 ## - UNIVERSAL DECIMAL CLASSIFICATION NUMBER
Universal Decimal Classification number 821.353.1 + 821.353.1-32 + 821.353.1-31 + 821.353.1-2 + 821.353.1-1
100 ## - MAIN ENTRY--PERSONAL NAME
Personal name ჯავახიშვილი, მ. (მიხეილ, 1880-1937)
245 ## - TITLE STATEMENT
Title თხზულებანი : 8 ტომად. ტ. 5
245 ## - TITLE STATEMENT
Remainder of title მოთხრობა, რომანი, პიესა, ლიბრეტო, ნაწყვეტები, ლექსები
245 ## - TITLE STATEMENT
Statement of responsibility, etc. სარედ. კოლ.: გ. გვერდწითელი, გ. მერკვილაძე, ბ. ჟღენტი და სხვ.ტომი გამოსაცემად მოამზადეს და შენიშვნები დაურთეს: ლ. სანაძემ, რ. ჩხარტიშვილმა ; ტომის რედ. ს. ყუბანეიშვილი
260 ## - PUBLICATION, DISTRIBUTION, ETC.
Place of publication, distribution, etc. თბილისი
260 ## - PUBLICATION, DISTRIBUTION, ETC.
Name of publisher, distributor, etc. საბჭ. საქართველო
260 ## - PUBLICATION, DISTRIBUTION, ETC.
Date of publication, distribution, etc. 1977
300 ## - PHYSICAL DESCRIPTION
Extent 458 გვ.22 სმ.
653 ## - INDEX TERM--UNCONTROLLED
Uncontrolled term თხზულებანი
653 ## - INDEX TERM--UNCONTROLLED
Uncontrolled term მოთხრობა, რომანი, პიესა, ლიბრეტო, ნაწყვეტები, ლექსები
942 ## - ADDED ENTRY ELEMENTS (KOHA)
Koha item type წიგნი
ეგზემპლარები
Withdrawn status Lost status Damaged status Not for loan Date acquired Barcode Date last seen Price effective from Koha item type
        2018-12-17 39811 2018-12-17 2018-12-17 წიგნი